Lindsay the luck fairy (Record no. 572)
[ view plain ]
| 000 -LEADER | |
|---|---|
| fixed length control field | 00935nam a22002177a 4500 |
| 005 - DATE AND TIME OF LATEST TRANSACTION | |
| control field | 20240119151613.0 |
| 020 ## - INTERNATIONAL STANDARD BOOK NUMBER | |
| International Standard Book Number | 9780545484923 |
| 040 ## - CATALOGING SOURCE | |
| Original cataloging agency | FISKH |
| Language of cataloging | eng |
| Transcribing agency | FISKH |
| Modifying agency | FISKH |
| 050 ## - LIBRARY OF CONGRESS CALL NUMBER | |
| Classification number | PZ7.M50 |
| 082 ## - DEWEY DECIMAL CLASSIFICATION NUMBER | |
| Classification number | Fic |
| 100 ## - MAIN ENTRY--PERSONAL NAME | |
| Personal name | Meadows, Daisy |
| 245 ## - TITLE STATEMENT | |
| Title | Lindsay the luck fairy |
| Statement of responsibility, etc. | by Daisy Meadows |
| 260 ## - PUBLICATION, DISTRIBUTION, ETC. | |
| Place of publication, distribution, etc. | Allen : |
| Name of publisher, distributor, etc. | Scholastic. |
| Date of publication, distribution, etc. | 2013. |
| 300 ## - PHYSICAL DESCRIPTION | |
| Extent | 169 pages ; |
| Dimensions | 20 cm |
| 505 ## - FORMATTED CONTENTS NOTE | |
| Formatted contents note | K |
| 520 ## - SUMMARY, ETC. | |
| Summary, etc. | "St. patrick's Day is full of magic, and Lindsay the Luck Fairy is the one who keeps it that way! But when Jack Frost's goblins steals her special lucky charms, Lindsay's luck runs out. now everyone, everywhere will have a horribly unlucky St. Patrick's Day! Rachel and Kirsty are determined to help Lindsay find her magic. But where do they start? And without luck on their side, do they stand a chance of outsmarting the govlins?" |
| 521 ## - TARGET AUDIENCE NOTE | |
| Target audience note | 550 <br/> |
| Source | Lexile |
| 521 ## - TARGET AUDIENCE NOTE | |
| Target audience note | K <br/> |
| Source | Raz-Plus |
| 942 ## - ADDED ENTRY ELEMENTS (KOHA) | |
| Source of classification or shelving scheme | Dewey Decimal Classification |
| Koha item type | Books |
| Suppress in OPAC | No |
| 999 ## - | |
| -- | 572 |
| -- | 572 |
| Withdrawn status | Lost status | Source of classification or shelving scheme | Damaged status | Not for loan | Collection | Home library | Current library | Shelving location | Date acquired | Total Checkouts | Full call number | Barcode | Date last seen | Date last checked out | Copy number | Price effective from | Koha item type |
|---|---|---|---|---|---|---|---|---|---|---|---|---|---|---|---|---|---|
| Dewey Decimal Classification | Juvenile Fiction | Footprints International School Library Network Toul Kork Campus | Footprints International School Library Network Toul Kork Campus | TK Primary Library Room(4th Floor), Bookcase 3&4, Shelves 17-32, Yellow Books | 06/16/2023 | 2 | MEA Fic PZ7.M50 | FISTKG4A012 | 10/31/2025 | 10/17/2025 | 1 | 06/16/2023 | Books | ||||
| Dewey Decimal Classification | Juvenile Fiction | Footprints International School Library Network Toul Kork Campus | Footprints International School Library Network Toul Kork Campus | TK Primary Library Room(4th Floor), Bookcase 3&4, Shelves 17-32, Yellow Books | 01/19/2024 | MEA Fic PZ7.M50 | FISTKG3B068 | 01/19/2024 | 2 | 01/19/2024 | Books |
